000 00313nam a2200121Ia 4500
008 190216s9999||||xx |||||||||||||| ||und||
100 _aBalakrishnan B N
245 4 _aThe Silver Lute An Anthology Of Poetry
260 _bMac Millian And Com. Ltd
_c1983
300 _a78p
650 _aEnglish Poetry
942 _cBK
999 _c13189
_d13189